[Event "NZL-ch U18"]
[Site "Auckland"]
[Date "1999.??.??"]
[Round "2"]
[White "Hartigan, Colm"]
[Black "Cheng, Harry"]
[Result "1-0"]
[WhiteElo "1545"]
[BlackElo "1254"]
[PlyCount "107"]
[EventDate "1999.??.??"]
[EventType "swiss"]
[EventRounds "7"]
[EventCountry "NZL"]
[SourceTitle "EXT 2003"]
[Source "ChessBase"]
[SourceDate "2002.11.25"]
[SourceVersion "1"]
[SourceVersionDate "2002.11.25"]
[SourceQuality "1"]

1. e4 c5 2. Nf3 Nc6 3. d4 cxd4 4. Nxd4 Nf6 5. Nc3 e6 6. a3 d6 7. Be3 Be7 8. Be2 0-0 9. 0-0 a6 10. f4 Qc7 11. Nb3 b5 12. Qe1 Rb8 13. Qg3 Bb7 14. f5 Bc8 15. Bh6 Ne8 16. f6 Bxf6 17. Rxf6 Kh8 18. Bxg7+ Nxg7 19. Rh6 f5 20. Qh4 Ne8 21. Rf1 Qg7 22. Bd3 Rb7 23. Rf3 Qe7 24. Qh3 Ne5 25. Rf4 Nxd3 26. cxd3 Rc7 27. exf5 Rxf5 28. Rg4 Qf8 29. Nd2 e5 30. Qh4 Rcf7 31. h3 Rf2 32. Nce4 Rxd2 33. Nxd2 Bxg4 34. hxg4 Rc7 35. g5 Qf4 36. Qxf4 exf4 37. Ne4 d5 38. Nc3 d4 39. Ne2 Rd7 40. Rxa6 Kg7 41. Nxf4 Kf7 42. Ne2 Ng7 43. Nf4 Ke7 44. Rb6 Nf5 45. Rxb5 Ne3 46. g6 hxg6 47. Nxg6+ Kd6 48. Kf2 Rf7+ 49. Kg3 Rg7 50. Kf3 Kc6 51. Rg5 Rb7 52. b4 Nc2 53. Rc5+ Kd6 54. Rxc2 1-0

[Event "North Island-ch res"]
[Site "Hamilton"]
[Date "1999.??.??"]
[Round "5.8"]
[White "Mears, Graham"]
[Black "Cheng, Harry"]
[Result "0-1"]
[WhiteElo "1414"]
[BlackElo "1254"]
[PlyCount "52"]
[EventDate "1999.07.??"]
[EventType "swiss"]
[EventRounds "8"]
[EventCountry "NZL"]
[SourceTitle "EXT 2003"]
[Source "ChessBase"]
[SourceDate "2002.11.25"]
[SourceVersion "1"]
[SourceVersionDate "2002.11.25"]
[SourceQuality "1"]

1. e4 c5 2. Nf3 Nc6 3. d4 cxd4 4. Nxd4 d6 5. Bb5 Qc7 6. Nc3 e6 7. 0-0 Nf6 8. e5 dxe5 9. Nxc6 bxc6 10. Bd3 Bd6 11. Ne4 Nxe4 12. Bxe4 f5 13. Bd3 e4 14. Bc4 Bxh2+ 15. Kh1 0-0 16. Qh5 Be5 17. Re1 Kh8 18. c3 Bd7 19. Re3 Be8 20. Qh3 Bf7 21. b3 Rad8 22. Bb2 Rd2 23. Re2 Rfd8 24. Rxd2 Rxd2 25. Rb1 Qd7 26. g3 Rxf2 0-1